000
00332nam a22001457a 4500
020
_a
978-81-937464-0-0
041
_a
ENG
100
_a
B.R Salvi
245
_a
Advances In Mango Prodnction Technology
260
_a
Dapoli
_b
DBSKKV
_c
2018
300
_a
416
650
_a
GAE
700
_a
V.K Patil ,P.M Haldankar
856
_u
GAE
999
_c
3189
_d
3189